आम्हांला बाळ हवंय ! (Record no. 336870)

MARC details
000 -LEADER
fixed length control field 00685nam a2200181Ia 4500
008 - FIXED-LENGTH DATA ELEMENTS--GENERAL INFORMATION
fixed length control field 090711s9999 xx 000 0 und d
082 ## - DEWEY DECIMAL CLASSIFICATION NUMBER
Item number 1878
100 ## - MAIN ENTRY--PERSONAL NAME
Personal name मालपाणी अनिरुद्ध
245 ## - TITLE STATEMENT
Title आम्हांला बाळ हवंय !
260 ## - PUBLICATION, DISTRIBUTION, ETC. (IMPRINT)
Name of publisher, distributor, etc पॉप्युलर प्रकाशन
Date of publication, distribution, etc 1999
300 ## - PHYSICAL DESCRIPTION
Extent 306
600 ## - SUBJECT ADDED ENTRY--PERSONAL NAME
Personal name मालपाणी अनिरुद्ध
630 ## - SUBJECT ADDED ENTRY--UNIFORM TITLE
Uniform title आम्हांला बाळ हवंय !
700 ## - ADDED ENTRY--PERSONAL NAME
Personal name नाडकर्णी सुरेश
700 ## - ADDED ENTRY--PERSONAL NAME
Personal name मालपाणी अनिरुद्ध
730 ## - ADDED ENTRY--UNIFORM TITLE
Uniform title आम्हांला बाळ हवंय !
942 ## - ADDED ENTRY ELEMENTS (KOHA)
Koha item type Book

No items available.